000 01528cam a2200349 a 4500
001 EDZ0000085601
003 StDuBDS
005 20161031105127.0
006 m||||||||d||||||||
007 cr |||||||||||
008 120522s2011 caua fo| 001|0|eng|d
020 _a9781446251256 (ebook) :
_cNo price
040 _aStDuBDS
_beng
_cStDuBDS
_epn
049 _aAlfaisal Main Library
050 4 _aLB1048.5
082 0 4 _a371.192
_223
100 1 _aCheminais, Rita.
245 1 0 _aFamily partnership working
_h[electronic resource] :
_ba guide for education practitioners /
_cRita Cheminais.
260 _aLos Angeles, [Calif.] ;
_aLondon :
_bSAGE,
_cc2011.
300 _a1 online resource (xi, 109 p.) :
_bill.
520 8 _aImproving the quality and effectiveness of relationships with families is a key concern for all those working in education. Here, Rita Cheminais provides an evaluation framework that will enable practitioners to review current practice, and further enhance and develop their partnership working with families.
504 _aIncludes bibliographical references and index.
521 _aSpecialized.
588 _aDescription based on print version record.
650 0 _aEducation
_xParent participation.
650 0 _aParent-teacher relationships.
655 7 _aElectronic books.
_2local
710 2 _aSage eBooks
776 0 8 _iPrint version :
_z9781446208007
856 4 0 _uhttp://ezproxy.alfaisal.edu/login?url=http://sk.sagepub.com/books/family-partnership-working
942 _2lcc
_cEBOOKS
999 _c479868
_d479868